LEADER 01125naa a2200241 u 4500 001 000000096444 003 CaOOAMICUS 005 20070226130146.0 008 041013s1993 gw u000 u ger u 020 $a3777293210 035 $a11011418 040 $aIAR$bita 100 1 $aVolkert, Wilhelm.$0(OLS)http://pul/name/61473 245 14$aDie Ortsnamen des Hachinger Tales /$cWilhelm Volkert. 260 $aStuttart :$bHiersemann,$c1993. 300 $aS. 43-62 ;$c25 cm 650 4$aToponomastica$zGermania$zBaviera.$0(OLS)http://pul/subject/30498 773 0 $aHerrschaft, Kirche, Kultur : Beoträge zur Geschichte des Mittelalters - Festschrift für Friedrich Prinz zu seinem 65. Geburtstag. 773 0 $tMonographien zur Geschichte des Mittelalters$gBd. 37 773 0 $tHerrschaft, Kirche, Kultur : Beiträge zur Geschichte des Mittelalters : Festschrift für Friedrich Prinz zu seinem 65. Geburtstag$w()17106 996 $6020$a3777293210$9(OLS)http://pul/number/21996 996 $6245$aDie Ortsnamen des Hachinger Tales$9(OLS)http://pul/title/123320 996 $6260$aStuttart :$bHiersemann$9(OLS)http://pul/publisher/55243 LEADER 01221naa a2200265 u 4500 001 000000095231 003 CaOOAMICUS 005 20070226130141.0 008 040617s1975 gw cf u000 u eng u 020 $a3777275190 035 $a11000782 040 $aIAR$bita 100 1 $aMarcovich, Miroslav.$0(OLS)http://pul/name/2892 245 10$aOne hundred Hyppolytean emendations /$cMiroslav Marcovich. 260 $aStuttgart :$bHiersemann,$c1975. 300 $aS. 95-128, ;$c26 cm 600 04$aHippolytus,$cs.,$dm. 235.$0(OLS)http://pul/subject/2803 773 0 $aGesellschaft - Kultur - Literatur : Rezeption und Originalität im Wachsen einer europäischen Literatur und Geistigkeit. 773 0 $tGesellschaft, Kultur, Literatur : Rezeption und Originalität im Wachsen einer europäischen Literatur und Geistigkeit: Beiträge Luitpold Wallach gewidmet$w()10631 960 $aIppolito,$cantipapa,$dm. 235$92803 960 $aIppolito di Roma,$dm. 235$92803 960 $aIppolito,$csanto,$dm. 235$92803 996 $6020$a3777275190$9(OLS)http://pul/number/13657 996 $6245$aOne hundred Hyppolytean emendations$9(OLS)http://pul/title/122104 996 $6260$aStuttgart :$bHiersemann$9(OLS)http://pul/publisher/48047